| 000 | 00535nam a2200181Ia 4500 | ||
|---|---|---|---|
| 999 |
_c29312 _d29312 |
||
| 003 | OSt | ||
| 005 | 20201201104552.0 | ||
| 008 | 190216s9999||||xx |||||||||||||| ||und|| | ||
| 020 | _a9788182645172 | ||
| 040 | _coclc | ||
| 082 |
_a894.8124 _bANI/I |
||
| 100 |
_aAnilkumar, A V _96813 |
||
| 245 | 0 |
_aIndulekhayude Anujathimar / _cAnilkumar A V |
|
| 260 |
_bMathrubhumi Printing And Publishing, _aKozhikode: _c2007. |
||
| 300 | _a183p | ||
| 650 | _aLekhanam | ||
| 942 |
_cBK _2ddc _h894.8124 _iANI/I _k894.8124 _mANI/I |
||